000 00234nam a22001217a 4500
040 _cHS
082 _a636
100 _aNA
245 _adictionaire des medicaments veterinaires
260 _aRUA
_bNA
_cNA
300 _aNA
942 _cFB
999 _c9872
_d9872